000 00423nam a2200181Ia 4500
001 11147
005 20260306161925.0
008 260306t1993||||xx |||||||||||||| ||spa||
041 _aESP
082 _a985.0097
_bC34
100 _aCastillo Mattasoglio, Carlos
_eAUT
245 0 _aLibres para creer
260 _c1993
300 _a431 páginas :
_ccm.
650 _aGEN
654 _aCHU
942 _cLIB
_dJUS
_fJUS
_2ddc
_n
999 _c11147
_d11147